| 000 | 00589nam a22001817a 4500 | ||
|---|---|---|---|
| 005 | 20231108071856.0 | ||
| 008 | 231108b |||||||| |||| 00| 0 eng d | ||
| 020 | _a0409053163 ; 0409053171 | ||
| 041 | _aEnglish | ||
| 082 | _a346.4 SIL | ||
| 100 |
_aBadenhorst, PJ et al. _lEnglish |
||
| 245 |
_aSilberberg and Schoeman's: The Law of Property / _cPJ Badenhorst et al. |
||
| 250 | _aFourth Edition | ||
| 260 |
_aDurban : _bLexisNexis Butterworths, _c2003 |
||
| 300 |
_bxxiii, 643 pages ; _c25 cm. |
||
| 650 |
_aLegal practice _bLaw |
||
| 942 |
_cBK _6ALISON_BN_VRIES |
||
| 999 |
_c399 _d399 |
||